Polymorphisme et modes de reproduction dans la section des maximae du genre panicum (Graminees en Afrique) : thèse /
Gardado en:
| Autor Principal: | |
|---|---|
| Formato: | Luận văn |
| Idioma: | Vietnamese |
| Publicado: |
Paris :
Université de Paris-Sud - Centre Scientifique D'Orsay,
1972
|
| Các nhãn: |
Engadir etiqueta
Sen Etiquetas, Sexa o primeiro en etiquetar este rexistro!
|
| Thư viện lưu trữ: | Thư viện Trường Đại học Đà Lạt |
|---|
| LEADER | 00835nam a2200301 4500 | ||
|---|---|---|---|
| 001 | DLU060051851 | ||
| 005 | ##20060322 | ||
| 040 | # | # | |a DLU |b vie |
| 041 | # | # | |a vie |
| 044 | # | # | |a vn |
| 082 | # | # | |a 631 |b CO-D |
| 100 | # | # | |a Combes, Daniel |
| 245 | # | # | |a Polymorphisme et modes de reproduction dans la section des maximae du genre panicum (Graminees en Afrique) : |b thèse / |c Daniel Combes |
| 260 | # | # | |a Paris : |b Université de Paris-Sud - Centre Scientifique D'Orsay, |c 1972 |
| 300 | # | # | |a 105 tr. ; |c 30 cm |
| 915 | # | # | |a Sciences naturelles |c Docteur ès-Sciences |d Université de Paris-Sud |
| 923 | # | # | |a 66/2006 |
| 992 | # | # | |a 0 |
| 994 | # | # | |a DLU |
| 900 | # | # | |a True |
| 911 | # | # | |a Thái Thị Thanh Thủy |
| 925 | # | # | |a G |
| 926 | # | # | |a A |
| 927 | # | # | |a LA |
| 980 | # | # | |a Thư viện Trường Đại học Đà Lạt |